Elaboración de quesos de oveja y cabra /

Contenido: Parte I Fundamentos del tratamiento de la leche: Consideraciones químicas; Consideraciones microbiológicas; Proteína de la leche; Sustancias auxiliares en la transformación de la leche; Clasificación de los quesos. -- Parte II Tratamiento de la leche de oveja: Productos de leche acidifica...

Celý popis

Uloženo v:
Podrobná bibliografie
Hlavní autor: Scholz, Wolfgang (autor)
Médium: Kniha
Jazyk:španělština
Témata:
Tagy: Přidat tag
Žádné tagy, Buďte první, kdo vytvoří štítek k tomuto záznamu!

MARC

LEADER 00000nam^a2200000^a^4500
001 000303745
005 20250521000000.0
009 20260310112658.303
020 |a 84-200-0825-7 
037 |a Acervo ITESO - Biblioteca 
041 |a ESP 
082 |a 637. 3  |b SCH 
100 |a Scholz, Wolfgang  |e (autor) 
245 1 0 |a Elaboración de quesos de oveja y cabra /  |c W. Scholz ; tr. por Jaime Esaín Escobar. 
264 |a Zaragoza, España :  |b Acribia,  |c [1996] 
300 |a XII, 145 p., [16] láminas 
336 |a texto  |b txt  |2 rdacontenido 
337 |a sin mediación  |b n  |2 rdamedio 
338 |a volumen  |b nc  |2 rdasoporte 
500 |a Traducción de: Käse aus Schaf- und Ziegenmilch 
520 |a Contenido: Parte I Fundamentos del tratamiento de la leche: Consideraciones químicas; Consideraciones microbiológicas; Proteína de la leche; Sustancias auxiliares en la transformación de la leche; Clasificación de los quesos. -- Parte II Tratamiento de la leche de oveja: Productos de leche acidificada; Quesos frescos; Quesos blandos; Quesos madurados por mohos; Quesos de corte; Maduración de los quesos; Aprovechamiento del suero; Mantequilla. -- Parte III Tratamiento de la leche de cabra: Diferencia entre las leche de oveja y cabra. -- Parte IV Tratamiento de la leche de la vaca: Queso Cottage; Queso de leche ácida. -- Apéndices. 
649 |a XX 
650 |a Queso -  |x Variedades 
650 |a Queso -  |x Elaboración -  |x Tema Principal 
650 |a Lácteos -  |x Industria y Comercio 
650 |a Industria Alimenticia 
650 |a Tecnología de Alimentos 
600 |a Soto, Fernando 
910 |a Fondo General 
920 |a Impresos - Libros 
930 |a Colección General 
905 |a 101 
901 |a 0500190294  |b IT1  |c ACC  |i C124745  |u 20250521 
902 |a https://opac.biblio.iteso.mx/vufind/Record/000303745